| 000 | 00578 a2200193 4500 | ||
|---|---|---|---|
| 005 | 20240515140732.0 | ||
| 010 | _aB-759046 | ||
| 020 |
_a0029305705 _c0.00 |
||
| 035 | _aB-759046 | ||
| 037 | _bGift/Unesco | ||
| 082 | _a372.21 | ||
| 245 |
_aHandbook of Research in Early Childhood Education/ _cEdited by- Bernark Spodek |
||
| 260 |
_aLondon _bThe Free Press _c1982 |
||
| 270 | _bLondon | ||
| 300 |
_axvii,677 p. _c26cm (Hb) |
||
| 700 |
_aSpodek, Bernark _966226 |
||
| 942 |
_adpl _cEN _2ddc _h372.21 _mHAN |
||
| 999 |
_c202869 _d202869 |
||